[Event "35th Cannes FIJ Open 2022"]
[Site "Cannes"]
[Date "2022.02.26"]
[Round "8.6"]
[White "Razafindratsima, Timothe"]
[Black "Dimitrov, Radoslav"]
[Result "0-1"]
[WhiteElo "2386"]
[BlackElo "2487"]
[Annotator "TA"]
[PlyCount "78"]
[EventDate "2022.02.21"]
[EventType "swiss"]
[EventCountry "FRA"]
[SourceTitle "playchess.com"]
[Source "ChessBase"]
[SourceQuality "1"]

{[%evp 29,78,-10,-15,-23,-5,-4,-21,-44,0,-93,-76,-82,-83,-175,-178,-192,-194,-284,-195,-337,-334,-411,-383,-362,-348,-335,-363,-364,-360,-490,-500,-514,-520,-520,-518,-516,-489,-517,-489,-959,-902,-1990,-2086,-1393,-2556,-1666,-1397,-1233,-1049,-697,-525]} 1. e4 {[%cal Be2e4,Be4e5][%mdl 32]} Nf6 2. e5 Nd5 3. c4 Nb6 4. d4 d6 5. Nf3 g6 6. Nc3 Bg7 7. exd6 cxd6 8. Be3 O-O 9. Be2 Nc6 10. b3 Bg4 11. O-O d5 12. c5 Nc8 13. b4 a6 14. Rb1 e6 15. a4 N8e7 16. b5 {B04: Alekhine's Defence: 4 Nf3.} axb5 17. axb5 Na5 18. Bf4 {[#] The position is equal.} Nf5 $146 (18... Bxf3 $15 {feels stronger.} 19. Bxf3 Nc4) ({Predecessor:} 18... Bxf3 19. Bxf3 Nc4 20. Be2 Qa5 21. Rc1 Nf5 22. Bxc4 dxc4 23. Be5 Rfd8 24. Bxg7 Kxg7 {0-1 (78) Raja,H (2437)-Erigaisi,A (2526) Xingtai 2019}) 19. Rb4 (19. Ne5 $11 {keeps the balance.} Bxe2 20. Nxe2) 19... Bxf3 $17 20. Bxf3 {[#]} Nc4 $1 21. Rxc4 dxc4 $19 22. Bxb7 {[#]} Ra3 23. Ne4 (23. Qc1 Rb3 24. Ne2 c3 25. Nxc3 Nxd4) (23. Ne2 {was necessary.}) 23... Qa5 ({Inferior is} 23... Qxd4 24. g4 $17) (23... Bxd4 24. Qe2 $11) 24. b6 (24. Nd6 {was the only chance.} Nxd6 25. Bxd6) 24... Nxd4 25. Kh1 f5 26. Bd6 {[%cal Oc5c6]} fxe4 27. Bxe4 Rd8 28. b7 Rb3 29. Be7 Re8 {Black is clearly winning.} 30. Bd6 Qa6 {Prevents c6.} 31. Qa1 Qxa1 32. Rxa1 Nf5 33. Ra8 Nxd6 34. c6 (34. cxd6 $142 Rf8 35. d7) 34... Kf7 35. c7 Rxb7 ({And not} 35... Rc3 36. g3 Rb3 37. Rxe8 Rxb7 38. c8=Q Nxc8 39. Rxc8 $15) 36. Bxb7 Rxa8 37. Bxa8 Ke7 {Hoping for ...Kd7.} 38. Bc6 c3 {( -> ...c2)} 39. Ba4 Bd4 {White did not feel at home in the position after the opening.  Weighted Error Value: White=0.85/Black=0.26 (precise)} 0-1

[Event "35th Cannes FIJ Open 2022"]
[Site "Cannes"]
[Date "2022.02.26"]
[Round "8.7"]
[White "Klimkowski, Jan"]
[Black "Barseghyan, Harutyun"]
[Result "1/2-1/2"]
[WhiteElo "2350"]
[BlackElo "2439"]
[Annotator "TA"]
[PlyCount "49"]
[EventDate "2022.02.21"]
[EventType "swiss"]
[EventCountry "FRA"]
[SourceTitle "playchess.com"]
[Source "ChessBase"]
[SourceQuality "1"]

{[%evp 10,49,20,21,32,0,0,0,22,30,42,38,39,22,41,40,37,24,31,11,23,0,0,0,25,24,35,29,28,18,13,17,56,35,36,36,36,36,36,36,36,39]} 1. e4 c6 2. Nc3 d5 3. Nf3 dxe4 4. Nxe4 Nf6 5. Qe2 Nxe4 6. Qxe4 Qd5 {B11: Caro-Kann: Two Knights Variation.} 7. Qh4 Qe6+ 8. Be2 Qg4 {The position is equal.} (8... Qg6 {is more complex.} 9. O-O Qxc2 10. Bc4 Qf5 11. Re1 Nd7) 9. Qg3 Qxg3 10. hxg3 Bf5 11. c3 h6 12. d4 Nd7 13. Bf4 e6 14. O-O-O {[#]} Be7 $146 ({Predecessor:} 14... Nf6 15. Ne5 Ne4 16. Be3 f6 17. g4 Bh7 18. Nd3 Bd6 19. Rhe1 O-O-O 20. Bf3 Rhe8 {0-1 (72) Benitez Lozano,J (2367)-Sorokin,A (2521) Chess.com INT 2021}) 15. Bd3 Bxd3 16. Rxd3 O-O-O 17. Kc2 g5 18. Bc1 g4 19. Ne5 Nxe5 20. dxe5 Rd5 21. Rh5 {White is slightly better.} ({But not} 21. Rxh6 Rxh6 22. Rxd5 Rh5 $11) 21... f5 22. Rxd5 cxd5 23. Rxh6 Rxh6 24. Bxh6 b5 25. Be3 {Weighted Error Value: White=0.10 (very precise) /Black=0.07 (flawless)} 1/2-1/2

[Event "35th Cannes FIJ Open 2022"]
[Site "Cannes"]
[Date "2022.02.26"]
[Round "8.8"]
[White "Bellahcene, Bilel"]
[Black "Seemann, Jakub"]
[Result "0-1"]
[WhiteElo "2509"]
[BlackElo "2298"]
[Annotator "TA"]
[PlyCount "80"]
[EventDate "2022.02.21"]
[EventType "swiss"]
[EventCountry "FRA"]
[SourceTitle "playchess.com"]
[Source "ChessBase"]
[SourceQuality "1"]

{[%evp 11,80,0,0,0,0,0,0,-35,-31,-33,24,25,16,16,27,0,6,16,10,0,3,0,0,0,0,-13,-17,-12,-25,-26,-4,-18,-7,-30,0,-44,-36,-18,28,26,24,0,0,0,0,0,0,-23,0,0,0,0,0,0,0,0,0,0,0,0,0,-322,-322,-322,-319,-1108,-368,-368,-337,-1578,-335]} 1. d4 Nf6 2. c4 e6 3. Nf3 d5 4. g3 dxc4 5. Bg2 c6 6. O-O b5 7. b3 {E04: Open Catalan: 5 Nf3.} cxb3 $1 8. Qxb3 Nbd7 9. a4 {[%cal Ba2a4,Ba4a5,Ba5a6][%mdl 32] The position is equal.} b4 {[#]} 10. Rd1 $146 ({Predecessor:} 10. a5 Ba6 11. Re1 Rc8 12. Nbd2 c5 13. dxc5 Bxc5 14. e4 Ng4 15. Bb2 Bxf2+ 16. Kh1 Bxe1 17. Rxe1 {0-1 (29) Inarkiev,E (2682)-Morozevich,A (2731) Dubai 2014}) 10... Ba6 (10... Bb7 $15) 11. Ne5 $1 $11 Qc8 (11... Bxe2 $2 12. Re1 Nxe5 13. dxe5 $18) 12. Bxc6 Bb7 13. Bxb7 Qxb7 14. a5 Be7 15. a6 Qd5 16. Qa4 O-O {[%cal Bh8f8,Bf8c8,Bc8c4][%mdl 32]} 17. e4 Qd6 18. Nc6 Rfc8 $1 (18... Nxe4 $2 19. Bf4 Ne5 20. dxe5 $18) 19. Nxe7+ Qxe7 20. f3 Nb6 21. Qb3 Nfd7 22. Be3 Rc4 23. Ra2 (23. Ra5 $11) 23... Rac8 $15 {[%cal Oc4c3] And now ...Rc3! would win.} 24. Bf2 Qg5 (24... e5 $142) 25. Kg2 $11 Qe7 26. Rdd2 (26. Nd2 $142 Rc3 27. Qb1) 26... e5 27. Rac2 exd4 {Strongly threatening ...Nc5.} 28. Rxc4 Rxc4 ({But not} 28... Nxc4 29. Rxd4 Ncb6 30. Rxb4 $16 (30. Qxb4 Qxb4 31. Rxb4 Rc2 $16)) 29. Rxd4 Rxd4 (29... Nc5 $5 {[%cal Rc5b3]} 30. Qxc4 Nxc4 31. Rxc4 Qe6 32. Rxc5 Qxa6 $11) 30. Bxd4 Qd6 31. Be3 Ne5 32. Nd2 Nbd7 {Pair of Knights!} 33. Qa2 Nb8 34. Bf4 {[#] Nc4 is the strong threat.} Qd4 {Prevents Nc4.} 35. Qa5 Ng6 36. Bxb8 {[%mdl 8192]} (36. Nc4 $11 Qxc4 37. Qd8+ Nf8 38. Bxb8 Qe2+ 39. Kg1) 36... Qxd2+ $19 37. Kh3 h5 38. Qb5 {[#] Prevents Qe2.} (38. Bxa7 Qd7+ 39. Kg2 Qxa7 40. Qxb4 Qxa6 41. Qe1) 38... Qf2 $2 (38... Qd1 39. Qxh5 Qf1+ 40. Kg4 Qxa6) 39. Qd3 b3 40. Bd6 $2 (40. Bxa7 Qxa7 41. Kg2) 40... Qc2 $2 {Weighted Error Value: White=0.48/Black=0.20 (precise)} (40... b2 41. Qb5 Qc2) 0-1

[Event "35th Cannes FIJ Open 2022"]
[Site "Cannes"]
[Date "2022.02.27"]
[Round "9.1"]
[White "Boyer, Mahel"]
[Black "Krzyzanowski, Marcin"]
[Result "1/2-1/2"]
[WhiteElo "2407"]
[BlackElo "2523"]
[Annotator "TA"]
[PlyCount "32"]
[EventDate "2022.02.21"]
[EventType "swiss"]
[EventCountry "FRA"]
[SourceTitle "playchess.com"]
[Source "ChessBase"]
[SourceQuality "1"]

{[%evp 21,32,49,68,64,60,61,64,80,86,0,37,0,64]} 1. d4 Nf6 2. c4 e6 3. Nf3 c5 4. d5 exd5 5. cxd5 d6 6. Nc3 g6 7. h3 Bg7 8. e4 O-O 9. Bd3 a6 10. a4 Nbd7 11. O-O Nh5 12. Be2 {A70: Modern Benoni: 6 e4 g6 7 Nf3.} Re8 13. Bg5 Bf6 14. Bh6 Bg7 {[#]} 15. Bg5 $146 (15. Qd2 $16) ({Predecessor:} 15. Qd2 Rb8 16. Rfe1 Nhf6 17. Bf4 Qc7 18. Bc4 Nh5 19. Bh2 Ne5 20. Be2 Qe7 21. g4 Bxg4 22. hxg4 Nxg4 23. Qg5 Nxh2 24. Kxh2 {½-½ (33) Budisavljevic,L (2444)-Pikula,D (2435) Paracin 2020}) 15... Bf6 $1 $14 16. Bh6 Bg7 $1 {Black took control after the opening.  Weighted Error Value: White=0.21 (precise) /Black=0.04 (flawless)} 1/2-1/2

[Event "35th Cannes FIJ Open 2022"]
[Site "Cannes"]
[Date "2022.02.27"]
[Round "9.2"]
[White "Godena, Michele"]
[Black "Nikolov, Momchil"]
[Result "1/2-1/2"]
[WhiteElo "2442"]
[BlackElo "2501"]
[Annotator "TA"]
[PlyCount "43"]
[EventDate "2022.02.21"]
[EventType "swiss"]
[EventCountry "FRA"]
[SourceTitle "playchess.com"]
[Source "ChessBase"]
[SourceQuality "1"]

{[%evp 23,26,0,0,1,18]} 1. e4 c5 2. c3 d5 3. exd5 Qxd5 4. d4 Nc6 5. Nf3 Nf6 6. Be2 cxd4 7. cxd4 e6 8. Nc3 Qd6 9. O-O Be7 10. Nb5 Qd8 11. Bf4 Nd5 12. Bg3 O-O 13. Rc1 $1 {[%mdl 4] is more profitable than 13.Bc4 at the moment. B22: Sicilian: 2 c3.} a6 {[#] An uneventful encounter.} {Predecessor:} 14. Nc3 $146 Nxc3 15. bxc3 Ba3 16. Rb1 b5 17. Bd3 Bb7 18. Qc2 h6 19. Qe2 Ne7 20. Ne5 Rc8 21. Rb3 Bd6 22. c4 {½-½ (22) Kislinsky,A (2512)-Oleksienko,M (2609) Lutsk 2018} 1/2-1/2

[Event "35th Cannes FIJ Open 2022"]
[Site "Cannes"]
[Date "2022.02.27"]
[Round "9.3"]
[White "Dimitrov, Radoslav"]
[Black "Hilverda, Alexander"]
[Result "1/2-1/2"]
[WhiteElo "2487"]
[BlackElo "2282"]
[Annotator "TA"]
[PlyCount "142"]
[EventDate "2022.02.21"]
[EventType "swiss"]
[EventCountry "FRA"]
[SourceTitle "playchess.com"]
[Source "ChessBase"]
[SourceQuality "1"]

{[%evp 10,142,-7,-18,-20,-14,-8,-43,-45,-25,-47,-58,-39,-48,-50,-46,-39,-28,0,0,0,0,0,0,47,37,53,39,87,71,78,62,56,78,72,84,104,72,83,62,75,70,110,71,112,115,123,89,97,69,114,14,181,182,224,78,108,0,0,0,285,290,419,417,416,416,403,162,127,35,182,183,177,184,233,214,323,323,322,320,168,85,85,85,85,85,85,85,85,85,85,8,8,8,8,8,8,8,8,8,8,8,8,8,8,8,8,8,8,8,8,8,8,8,8,8,8,8,8,8,8,8,8,8,8,0,8,8,8,8,8,8,8,8,8]} 1. c4 e5 2. Nc3 Nf6 3. Nf3 Nc6 4. d4 exd4 5. Nxd4 Bb4 6. g3 Bxc3+ $1 {[%mdl 4] is recently more successful than 6...0-0. A28: English Opening: Four Knights Variation.} 7. bxc3 Na5 8. e3 O-O {Black is slightly better.} 9. Nb3 Nc6 10. Be2 d6 11. O-O {[#]} Re8 $146 (11... Bh3 {with more complications.} 12. Re1 Ne4 13. Qc2 Qe7 14. Nd4 Bd7) ({Predecessor:} 11... a5 12. f3 a4 13. Nd4 Nd7 14. e4 Na5 15. Nb5 b6 16. Qxa4 Nc5 17. Qd1 Nab3 {½-½ (37) Dimitrov,R (2507)-Ivic,V (2548) Bajina Basta 2020}) 12. f3 {Prevents Ne4.} Qe7 13. e4 h5 14. Bg5 Qe5 15. Qd2 Nh7 16. Be3 h4 (16... b6 $11) 17. g4 $14 g5 18. Rae1 Bd7 (18... Qf6 $14) 19. Nd4 Qe7 20. h3 Ne5 21. f4 gxf4 22. Bxf4 Kh8 23. Be3 Rg8 24. Nf5 Bxf5 25. Rxf5 {[%cal Oc4c5]} Rg6 26. Ref1 {[%cal Oc4c5]} Rag8 (26... Re8 $142) 27. Rh5 $16 {[%cal Oc4c5]} (27. Bxa7 b6 28. c5 (28. Rh5 $2 Ra8 $19) 28... bxc5 $17) 27... Rf6 28. Rff5 (28. Bxa7 Rxf1+ 29. Kxf1 b6 $17) 28... Rxf5 29. exf5 Re8 $1 {[%cal Oe5f3]} 30. g5 {White is more active.} (30. Bxa7 b6 $11) ({White should try} 30. Bf2 $16) 30... Kg8 $2 (30... Nf3+ $1 $11 {and Black is okay.} 31. Bxf3 Qxe3+ 32. Qxe3 Rxe3 33. Bxb7 Rxh3) 31. Bf2 $1 $36 {[%mdl 2048] White is really pushing.} (31. Rxh4 $6 Nd3 $1 32. Bd4 (32. Bxd3 Qxe3+ 33. Qxe3 Rxe3 $11) 32... Qxe2 $16) (31. Bxa7 b6 32. c5 bxc5 $17) 31... f6 (31... b6 $142 32. c5 (32. Bxh4 Ng6 $16) 32... dxc5) 32. g6 (32. Rxh4 Nxg5 33. Qd5+ Kg7 $15) (32. Qd5+ $1 $18 {is the precise move to win.} Kf8 33. g6 (33. Bxa7 $2 Nxg5 34. Rh8+ Kg7 $17) (33. Bxh4 fxg5 34. Bf2 b6 $11)) 32... Ng5 $16 {( -> ...Nef3+)} 33. Qd5+ (33. Kf1 $1 $16) 33... Kg7 $11 34. Bxh4 (34. Rxh4 Nxg6 $1 {[%mdl 512]} 35. fxg6 Qxe2 $19) 34... Nxh3+ {[%mdl 8192] Pair of Knights!} (34... Nxg6 $11 35. Bxg5 (35. fxg6 c6 $17) 35... fxg5 36. Qd4+ (36. fxg6 Qe3+ 37. Kh1 Qc1+ 38. Qd1 Qxd1+ 39. Bxd1 Re1+ 40. Kh2 Rxd1 $11) 36... Ne5) 35. Kh1 $18 {aiming for Rh7+.} Nxg6 (35... Rh8 $142) 36. fxg6 {Threatening mate with Rh7+. Dancing on a razor blade.} Qe4+ 37. Qxe4 Rxe4 38. Bf3 (38. Bd3 Rxh4 39. Rxh4 Nf2+ 40. Kg2 Nxd3 $16) (38. Rh7+ $142 Kxg6 39. Bd3 Kxh7 40. Bxe4+ Kg7 41. Bxb7) 38... Rxc4 39. Bd5 (39. Be1 $16 Nf4 40. Ra5 (40. Rh4 b5 $16)) 39... Kxg6 40. Bxc4 Kxh5 41. Bxf6 Kg6 (41... Nf4 $142 42. Kg1 Kg4) 42. Bd4 c5 (42... b6 $142 43. Kg2 Ng5) 43. Be3 {Strongly threatening Kg2.} Kf5 44. Bd5 b6 (44... Ng5 {was called for.} 45. Bxb7 Ne4 46. Bc8+ Kf6) 45. Kg2 ({White should play} 45. Bc6 $18) 45... Nf4+ $16 46. Bxf4 Kxf4 {[%mdl 4096] Endgame [#] KB-KP} 47. Kf2 $1 {Threatens to win with c4.} b5 48. Bc6 a6 49. Ke2 {And now Kd3 would win.} Ke5 {[#]} 50. a4 (50. Bb7 $1 $16 {[%cal Rb7a6]} a5 51. Bc6) 50... bxa4 $1 $11 {The position is equal.} 51. Bxa4 {KB-K3P} d5 52. Kf3 a5 ({Don't play} 52... d4 53. c4 $16) 53. Be8 Kf5 ({Much less strong is} 53... d4 54. c4 $16) 54. Ke2 Ke4 55. Bg6+ Kf4 56. Bc2 Ke5 57. Kd2 Kf4 58. Ba4 Ke5 59. Kd3 Kf4 60. Be8 Ke5 61. Kd2 Kf4 62. Kc2 Ke5 63. Kd3 Kf4 64. Bc6 Ke5 65. Ke2 Kd6 66. Ba4 Ke6 67. Kf3 Kf5 68. Bb3 Ke5 69. Bc2 d4 70. Ke2 c4 71. Kd2 dxc3+ {Blacks defense is rewarded with a draw.  Weighted Error Value: White=0.23 (precise) /Black=0.26 (precise)} 1/2-1/2

[Event "35th Cannes FIJ Open 2022"]
[Site "Cannes"]
[Date "2022.02.27"]
[Round "9.4"]
[White "Nihal Sarin"]
[Black "Klimkowski, Jan"]
[Result "1/2-1/2"]
[WhiteElo "2656"]
[BlackElo "2350"]
[Annotator "TA"]
[PlyCount "108"]
[EventDate "2022.02.21"]
[EventType "swiss"]
[EventCountry "FRA"]
[SourceTitle "playchess.com"]
[Source "ChessBase"]
[SourceQuality "1"]

{[%evp 9,108,6,12,3,5,10,7,3,2,0,8,9,0,0,0,0,14,13,13,0,6,0,-7,-8,0,0,0,0,7,0,0,0,0,0,14,0,10,0,9,14,36,27,29,41,25,38,47,0,4,0,0,0,0,0,66,63,51,13,31,0,2,2,19,2,87,37,27,29,43,43,51,37,37,0,44,44,94,100,94,94,126,148,130,0,0,0,0,0,0,0,86,0,0,0,4,0,0,0,0,0,0]} 1. b3 e5 2. Bb2 Nc6 3. c4 g6 4. e3 Bg7 5. Nf3 d6 6. Nc3 {A01: Nimzowitsch-Larsen Opening.} Nge7 7. Be2 O-O 8. d3 d5 9. cxd5 Nxd5 10. Nxd5 Qxd5 11. O-O Rd8 {[#]} 12. Qc2 $146 ({Predecessor:} 12. e4 Qd6 13. h3 h6 14. Bc3 Be6 15. Qd2 a5 16. Rfb1 b6 17. Qb2 a4 18. b4 {0-1 (33) Wiberg,J (1773)-Wadsworth,M (2298) Helsingor 2017}) 12... b6 13. a3 Bb7 14. Rfd1 Rac8 15. Ne1 Qe6 16. Bf3 Na5 17. b4 Bxf3 18. Nxf3 Nb7 19. d4 exd4 20. Nxd4 Qe8 21. Ne2 c5 22. Bxg7 Kxg7 23. Qb2+ f6 24. h3 Qe5 25. Qb3 Rxd1+ 26. Rxd1 {Strongly threatening Rd7+.} Rd8 {Prevents Rd7+.} 27. Rxd8 Nxd8 28. bxc5 (28. Qd1 $14 Qe7 29. bxc5) 28... Qxc5 $11 29. Nd4 Qc1+ 30. Kh2 Qc7+ 31. g3 h5 (31... Qf7 $11) 32. Qd5 $14 {[%cal Od5d8]} Kh7 33. h4 (33. Nb5 $5 {[%cal Rb5c7]} Qc2 34. Kg2 $14) 33... Qe7 34. Qa8 Qd7 {Inhibits Nb5.} 35. Kg1 f5 36. Kf1 Kh6 (36... Nf7 $11 {remains equal.}) 37. a4 ({Better is} 37. Qb8 $16) 37... Kh7 38. Ke2 Qc7 39. Qd5 Qe7 40. Kf1 Qc7 41. Ke2 Qe7 $1 42. Nb5 {[%cal Ob5a7]} a6 (42... Nf7 $1 $14) 43. Nd4 $16 Qc7 44. Kf1 {White is more active.} Qc1+ 45. Kg2 Qc7 {[#]} 46. Kg1 (46. Kh2 $1 $16) 46... Qc1+ $1 $11 47. Kh2 {Qd7+ would kill now.} Qf1 $1 48. Qa2 Kg7 49. Qb2 {And now Nxf5+ would win.} Kh7 {[#]} (49... Kg8 $11 {keeps the balance.}) 50. Qc2 ({Much worse is} 50. Qxb6 $6 Qxf2+ 51. Kh3 Qf1+ 52. Kh2 Qf2+ 53. Kh3 Qf1+ 54. Kh2 Qf2+ $11) ({White should play} 50. Nf3 $1 $16 {[%cal Rf3g5] Black must now prevent Ng5+.} Nf7 51. Ng5+ Nxg5 52. hxg5) 50... Nf7 {The position is equal.} 51. Ne6 {Ng5+ is the strong threat.} b5 52. axb5 axb5 53. Nf4 b4 54. Nd3 Nh6 {Weighted Error Value: White=0.11 (very precise) /Black=0.12 (very precise)} 1/2-1/2

[Event "35th Cannes FIJ Open 2022"]
[Site "Cannes"]
[Date "2022.02.27"]
[Round "9.5"]
[White "Seemann, Jakub"]
[Black "Meshkovs, Nikita"]
[Result "0-1"]
[WhiteElo "2298"]
[BlackElo "2559"]
[Annotator "TA"]
[PlyCount "62"]
[EventDate "2022.02.21"]
[EventType "swiss"]
[EventCountry "FRA"]
[SourceTitle "playchess.com"]
[Source "ChessBase"]
[SourceQuality "1"]

{[%evp 23,62,16,50,26,27,18,24,29,90,18,18,18,28,32,70,20,68,73,79,2,3,17,28,-35,0,-53,-50,-281,-279,-290,-284,-230,-247,-627,-601,-579,-546,-818,-808,-741,-703]} 1. e4 e5 2. Nf3 Nc6 3. Bb5 a6 4. Ba4 Nf6 5. O-O Be7 6. Re1 b5 7. Bb3 d6 8. c3 O-O 9. h3 Bb7 10. d4 Nd7 11. Nbd2 Bf6 12. Nf1 Re8 13. Ng3 {C92: Closed Ruy Lopez: 9...Be6, Karpov and Flohr-Zaitsev Variations.} (13. d5 $5 {[%cal Rd5c6]} Ne7 14. Ne3 $14) 13... exd4 $5 {[%mdl 4] Leaves trodden paths.} 14. cxd4 Na5 {[%cal Bc6a5,Ba5c4,Bc4e5,Be5g6,Bg6h4][%mdl 32]} 15. Bc2 {White has an edge.} c5 {[#]} (15... g6 $1 $11 {remains equal.}) 16. d5 (16. Nf5 $1 $16 {[%cal Rf5d6]}) 16... Nc4 $11 17. Rb1 Nce5 18. Nh2 c4 $5 {[%mdl 4] [#] Exploring less charted territory.} 19. b4 $146 {Prevents Nc5.} (19. Be3 $1 $14) ({Predecessor:} 19. Nh5 Nc5 20. Ng4 Nxg4 21. hxg4 b4 22. Nxf6+ Qxf6 23. b3 c3 24. g5 Qe5 25. Qf3 {0-1 (82) Shyam,S (2528)-Liang,A (2573) Rome 2017}) 19... cxb3 (19... a5 $11) 20. axb3 $14 Rc8 21. f4 (21. Nf5 $16) 21... Ng6 $1 $36 {[%cal Ob7d5][%mdl 2048] Black has some pressure.} 22. Re2 b4 23. Nf5 ({White should play} 23. Ng4 $11) 23... Nh4 {White must now prevent ...Nxf5.} 24. Ne3 ({But not} 24. e5 dxe5 25. Ng4 Nxf5 26. Bxf5 Rc5 $17) (24. Ng3 $11) 24... a5 $15 25. f5 $2 {[#] White does not recover from this.} (25. g3 $15 Ng6 26. Nhg4) 25... Ba6 $1 $19 26. Rf2 Qb6 {...Bd4 is the strong threat.} 27. Qh5 Ne5 {Threatens to win with ...Rc3.} 28. g3 $2 {[#]} (28. Bd2 Bd3 29. Bxd3 Nxd3 30. Nhg4 Nxf2 31. Nxf2) 28... Nd3 $1 {Black is clearly winning.} 29. Bxd3 Bxd3 30. gxh4 {[#]} Rxc1+ $1 {[%mdl 576] Remove Defender, Decoy} 31. Rxc1 Qxe3 {Weighted Error Value: White=0.78/Black=0.12 (very precise)} 0-1

[Event "35th Cannes FIJ Open 2022"]
[Site "Cannes"]
[Date "2022.02.27"]
[Round "9.6"]
[White "Pantzar, Milton"]
[Black "Materia, Marco"]
[Result "1-0"]
[WhiteElo "2422"]
[BlackElo "2391"]
[Annotator "TA"]
[PlyCount "81"]
[EventDate "2022.02.21"]
[EventType "swiss"]
[EventCountry "FRA"]
[SourceTitle "playchess.com"]
[Source "ChessBase"]
[SourceQuality "1"]

{[%evp 13,81,-8,0,-8,0,0,0,0,8,-6,-11,-17,-13,-27,0,0,0,0,0,0,0,-6,-6,0,4,4,4,2,7,0,0,3,27,24,30,31,32,28,30,0,36,38,44,43,33,31,22,23,28,23,33,20,20,15,138,132,220,152,497,489,497,494,494,488,474,456,798,793,788,743]} 1. c4 e5 2. Nc3 Nf6 3. g3 Bb4 4. e4 d6 5. Bg2 O-O 6. Nge2 Nc6 7. O-O Bg4 8. f3 {A25: English Opening vs King's Indian with ...Nc6 but without early d3.} Be6 9. d3 Bc5+ 10. Kh1 {The position is equal.} a6 11. h3 b5 12. b3 {[#]} bxc4 $146 ({Predecessor:} 12... Nd4 13. Rb1 Rb8 14. Bg5 h6 15. Bd2 Nh7 16. Nxd4 Bxd4 17. Ne2 Ba7 18. g4 g5 {0-1 (45) Stanke,J (2320)-Mueller,O (2295) Germany 2007}) 13. dxc4 Nd7 14. f4 {Hoping for f5.} f6 15. Kh2 Bf7 16. Na4 Ba7 17. Ba3 Nd4 18. Rc1 Qe7 19. c5 Nxc5 20. Nxd4 exd4 21. Nxc5 Bxc5 22. Bb2 Rab8 23. Bxd4 Bxd4 (23... Bb4 {keeps more tension.} 24. Rf2 a5 25. Bb2 Rfd8 26. Qc2 Bc5) 24. Qxd4 c5 25. Qd2 h6 26. Qa5 Qa7 {[%cal Oc5c4]} (26... c4 $5) 27. Rfd1 Qb6 28. Qxb6 Rxb6 29. e5 dxe5 30. Rxc5 exf4 31. gxf4 g5 32. f5 Rb5 33. Rc7 {Black should prevent Rdd7.} Rxf5 (33... Kh8 $1 $11) 34. Rdd7 $1 $16 {White is more active.} g4 (34... Rf2 $2 35. Kg1 Rf5 36. Be4) (34... h5 $16 {was called for.}) 35. h4 $1 $18 ({Less strong is} 35. hxg4 Ra5 $14) 35... Re5 $2 {Black cannot hold the game after this.} (35... h5 $16 {is tougher.}) 36. Bf1 $1 {White is clearly winning.} Rd5 {[#]} 37. Re7 {Bc4 is the strong threat.} Re5 {[#]} 38. Rxf7 {[%mdl 512]} Rxf7 39. Bc4 {[%mdl 64] Pin} Re2+ (39... Kg7 $142 40. Rxf7+ Kg6) 40. Kg3 Re3+ 41. Kf4 {Weighted Error Value: White=0.02 (flawless) /Black=0.31} 1-0

[Event "35th Cannes FIJ Open 2022"]
[Site "Cannes"]
[Date "2022.02.27"]
[Round "9.7"]
[White "Suvorov, Alexander"]
[Black "Maurizzi, Marc Andria"]
[Result "1/2-1/2"]
[WhiteElo "2350"]
[BlackElo "2502"]
[Annotator "TA"]
[PlyCount "82"]
[EventDate "2022.02.21"]
[EventType "swiss"]
[EventCountry "FRA"]
[SourceTitle "playchess.com"]
[Source "ChessBase"]
[SourceQuality "1"]

{[%evp 9,82,24,32,27,28,30,32,25,27,24,21,10,16,18,23,18,37,26,35,29,34,0,-9,-14,-8,-12,-6,-26,-10,-31,-21,-29,-9,-26,-24,-26,-16,-30,0,0,0,-20,0,0,0,0,-1,-1,0,-10,0,-44,-45,-44,-49,-53,-45,-43,-41,-82,-22,-19,-8,-18,-18,-18,-16,-17,0,0,1,0,0,0,0]} 1. d4 d5 2. c4 e6 3. Nc3 a6 4. cxd5 exd5 5. Bf4 c6 6. e3 {D31: Queen's Gambit Declined: Semi-Slav without ...Nf6 (+ Marshall Gambit and Noteboom) and Exchange Variation lines without ...Nf6.} (6. Nf3 {is more complex.} Nf6 7. e3 Bd6 8. Bd3 O-O 9. Ne5) 6... Bd6 7. Bxd6 Qxd6 8. Bd3 {White is slightly better.} Nf6 9. Nf3 O-O 10. h3 Re8 11. Qc2 Nbd7 12. O-O Nf8 13. Rab1 Ng6 {[#]} 14. Rfe1 $146 ({Predecessor:} 14. b4 Qe7 15. a4 Ne4 16. b5 axb5 17. axb5 Ng5 18. Nxg5 Qxg5 19. f4 Qf6 20. f5 Nh4 21. Nd1 Qg5 22. bxc6 bxc6 23. Kh2 g6 24. fxg6 hxg6 {½-½ (70) Le,Q (2715)-Grachev,B (2680) Khanty-Mansiysk 2011}) 14... Bd7 15. e4 (15. b4 $14) 15... dxe4 $11 16. Nxe4 Nxe4 17. Bxe4 Be6 18. b3 Bd5 19. Bxd5 Qxd5 20. Qd2 h6 21. Rxe8+ Rxe8 22. Re1 Rd8 23. Qe3 Rd6 24. Qe8+ Kh7 25. Qe4 Qa5 26. Re2 Qd5 27. Qxd5 Rxd5 {[%mdl 4096] Endgame KRN-KRN} 28. Re8 {To avoid Rd8} f6 29. g3 Rd7 30. Re2 (30. Rb8 $11 {is superior.}) 30... Ne7 31. Rd2 g5 32. Kf1 Nf5 33. Ke2 h5 34. g4 (34. Kd3 $1 $15 {was preferrable.}) 34... hxg4 ({Black should try} 34... Ng7 $17 35. Kd3 Kg6) 35. hxg4 {The position is equal.} Ne7 36. Ne1 Kg6 37. Ng2 f5 38. Ne3 f4 39. Nc4 {[#] Threatens to win with Ne5+.} Kf6 40. Ne5 Rd8 41. Rd1 c5 {Weighted Error Value: White=0.07 (flawless) /Black=0.08 (flawless)} 1/2-1/2